Rajnaitik tattwar budhagamyata (Record no. 9903)

MARC details
000 -LEADER
fixed length control field 00622cam a2200241ua 4500
001 - CONTROL NUMBER
control field 11007
005 - DATE AND TIME OF LATEST TRANSACTION
control field 20260515114704.0
008 - FIXED-LENGTH DATA ELEMENTS--GENERAL INFORMATION
fixed length control field 190730n ii |||gr||||Z||||||asm
020 ## - INTERNATIONAL STANDARD BOOK NUMBER
International Standard Book Number 9789387956858
040 ## - CATALOGING SOURCE
Transcribing agency MAIN
041 ## - LANGUAGE CODE
Language code of text/sound track or separate title asm
082 ## - DEWEY DECIMAL CLASSIFICATION NUMBER
Classification number 320.5
100 ## - MAIN ENTRY--PERSONAL NAME
Personal name Purandar Gogoi,
Relator term Author.
245 ## - TITLE STATEMENT
Title Rajnaitik tattwar budhagamyata
Statement of responsibility, etc. By Purandar Gogoi
250 ## - EDITION STATEMENT
Edition statement 1st ed.
260 ## - PUBLICATION, DISTRIBUTION, ETC.
Place of publication, distribution, etc. Dibrugarh:
Name of publisher, distributor, etc. Banalata,
Date of publication, distribution, etc. 2019.
300 ## - PHYSICAL DESCRIPTION
Extent 256p.
653 ## - INDEX TERM--UNCONTROLLED
Uncontrolled term Political science
653 ## - INDEX TERM--UNCONTROLLED
Uncontrolled term Understanding political theory
700 ## - ADDED ENTRY--PERSONAL NAME
Personal name Purandar Gogoi,
Relator term Author.
700 ## - ADDED ENTRY--PERSONAL NAME
Personal name Mridul Dutta,
Relator term Author.
942 ## - ADDED ENTRY ELEMENTS (KOHA)
Koha item type Books
Holdings
Withdrawn status Lost status Damaged status Not for loan Home library Current library Shelving location Date acquired Total checkouts Full call number Barcode Date last seen Date last checked out Copy number Price effective from Koha item type
        Naharkatiya College Library Naharkatiya College Library General stacks 09/19/2020 9 320.5 | GOG 27983 09/16/2025 08/26/2025 1 09/19/2020 Books
        Naharkatiya College Library Naharkatiya College Library General stacks 09/19/2020 4 320.5 | GOG 27984 12/23/2021 12/23/2021 2 09/19/2020 Books
        Naharkatiya College Library Naharkatiya College Library General stacks 09/19/2020 11 320.5 | GOG 27985 11/01/2022 11/01/2022 3 09/19/2020 Books
        Naharkatiya College Library Naharkatiya College Library General stacks 09/19/2020 9 320.5 | GOG 28140 11/22/2023 11/09/2023 4 09/19/2020 Books
        Naharkatiya College Library Naharkatiya College Library General stacks 09/19/2020 15 320.5 | GOG 28141 12/16/2024 11/19/2024 5 09/19/2020 Books